NFL Tight End 1000 Yard Seasons - Statistics

General Stats
  • This quiz has been taken 467 times
    210 since last reset
  • The average score is 41 of 57
Answer Stats
Year Team Yards Player % Correct
2022 Chiefs 1338 Travis Kelce
100%
2021 Chiefs 1125 Travis Kelce
100%
2020 Chiefs 1416 Travis Kelce
100%
2019 Chiefs 1229 Travis Kelce
100%
2018 Chiefs 1336 Travis Kelce
100%
2017 Chiefs 1038 Travis Kelce
100%
2016 Chiefs 1125 Travis Kelce
100%
2024 49ers 1106 George Kittle
99%
2023 49ers 1020 George Kittle
99%
2019 49ers 1053 George Kittle
99%
2018 49ers 1377 George Kittle
99%
2021 Ravens 1361 Mark Andrews
98%
2017 Patriots 1084 Rob Gronkowski
98%
2015 Patriots 1176 Rob Gronkowski
98%
2014 Patriots 1124 Rob Gronkowski
98%
2011 Patriots 1327 Rob Gronkowski
98%
2024 Raiders 1194 Brock Bowers
94%
2021 Falcons 1026 Kyle Pitts
90%
2008 Chiefs 1058 Tony Gonzalez
88%
2007 Chiefs 1172 Tony Gonzalez
88%
2004 Chiefs 1258 Tony Gonzalez
88%
2000 Chiefs 1203 Tony Gonzalez
88%
2009 Chargers 1157 Antonio Gates
82%
2005 Chargers 1101 Antonio Gates
82%
2018 Eagles 1163 Zach Ertz
82%
2012 Cowboys 1039 Jason Witten
81%
2010 Cowboys 1002 Jason Witten
81%
2009 Cowboys 1030 Jason Witten
81%
2007 Cowboys 1145 Jason Witten
81%
2020 Raiders 1196 Darren Waller
80%
2019 Raiders 1145 Darren Waller
80%
2016 Panthers 1073 Greg Olsen
80%
2015 Panthers 1104 Greg Olsen
80%
2014 Panthers 1008 Greg Olsen
80%
2013 Saints 1215 Jimmy Graham
80%
2011 Saints 1310 Jimmy Graham
80%
1997 Broncos 1107 Shannon Sharpe
73%
1996 Broncos 1062 Shannon Sharpe
73%
1994 Broncos 1010 Shannon Sharpe
73%
1961 Bears 1076 Mike Ditka
59%
2009 Colts 1106 Dallas Clark
53%
1983 Chargers 1172 Kellen Winslow
53%
1981 Chargers 1075 Kellen Winslow
53%
1980 Chargers 1290 Kellen Winslow
53%
2007 Browns 1106 Kellen Winslow II
53%
2015 Titans 1088 Delanie Walker
47%
1984 Browns 1001 Ozzie Newsome
40%
1981 Browns 1002 Ozzie Newsome
40%
2015 Browns 1043 Gary Barnidge
30%
1967 Rams 1205 Jackie Smith
20%
1994 Patriots 1174 Ben Coates
19%
1986 Giants 1001 Mark Bavaro
18%
1986 Raiders 1153 Todd Christensen
18%
1984 Raiders 1007 Todd Christensen
18%
1983 Raiders 1247 Todd Christensen
18%
1965 Eagles 1190 Pete Retzlaff
8%
1981 Vikings 1004 Jon Senser
3%
No matching quizzes found
Score Distribution
Percent of People with Each Score
Percentile by Number Answered
Your Score History
You have not taken this quiz since the last reset